000 00359nam a22001337a 4500
008 250404b |||||||| |||| 00| 0 eng d
020 _a9780443021627
050 _aRM301
_b.T47
245 _aTherapeutic Drug monitoring
260 _aLondon
_bChurchill Living Stone
_c1981
300 _axii,528p
650 _aDrugs-side effects
_vDrugs Utilization
942 _cBK
999 _c2877
_d2877